| 000 | 00557nam a2200181Ia 4500 | ||
|---|---|---|---|
| 008 | 240729s9999 xx 000 0 und d | ||
| 022 | _a2154-6894 | ||
| 245 | 4 | _aThe International Journal of Screendance | |
| 260 | _aUnited States | ||
| 260 | _bThe Ohio State University Libraries | ||
| 650 | _a Literature (General) | ||
| 650 | _a The performing arts. Show business | ||
| 650 | _a Visual arts | Language and Literature | ||
| 650 | _aFine Arts | ||
| 856 | _uhttps://doaj.org/toc/ef436ea6dab54200b0110d9cec1902e7 | ||
| 942 | _2ddc | ||
| 942 | _cDOAJEJ | ||
| 999 |
_c69414 _d69414 |
||
| 945 |
_a1 _bMadushi Gamage _c1 _dMadushi Gamage |
||